Miejscowości gdzie były igrzyska letnie (1896-2024) - Nagła śmierć - Statystyki

Ogólne statystyki
  • Ten quiz został rozwiązany 43 razy
    16 od ostatniego zresetowania
  • Średni wynik to 18 z 23
Answers on the Grid
Answers color-coded by a green-red scale on the quiz's grid according to % correct below.
Stambuł
Melbourne
Paryż
Lizbona
Saint Louis
Dżakarta
Buenos Aires
Londyn
Barcelona
Zurych
Sztokholm
Kair
Rzym
Wiedeń
Pekin
Johannesburg
Malmö
Ateny
Rijad
Sydney
Belgrad
Los Angeles
Monachium
Berlin
Casablanca
Sankt Petersburg
Moskwa
Jerozolima
Toronto
Atlanta
Kopenhaga
Marsylia
Amsterdam
Bukareszt
Tel Awiw
Seul
Rio de Janeiro
Montreal
Nowy Jork
Antwerpia
Meksyk
Warszawa
Liverpool
Madryt
Tokio
Helsinki
 
Statystyki odpowiedzi
Odpowiedź % Poprawnych
Berlin
100%
Londyn
100%
Pekin
100%
Barcelona
91%
Los Angeles
91%
Melbourne
91%
Moskwa
91%
Paryż
91%
Rzym
91%
Tokio
91%
Ateny
82%
Atlanta
82%
Monachium
82%
Sydney
82%
Rio de Janeiro
73%
Amsterdam
64%
Helsinki
64%
Saint Louis
64%
Seul
64%
Antwerpia
55%
Montreal
55%
Sztokholm
55%
Meksyk
45%
Nie znaleziono quizów pasujących do podanych kryteriów
Rozkład punktacji
Procent ludzi z każdym wynikiem
Percentyl według liczby udzielonych odpowiedzi
Twoja historia wyników
Nie rozwiązałeś tego quizu od ostatniego zresetowania